| 000 | 00000nam##2200000za#4500 |
| 001 | 9.531134 |
| 003 | CaOODSP |
| 005 | 20200401033927 |
| 007 | ta |
| 008 | 150406|1998||||xxc||||| f|0| 0 eng|d |
| 020 | |a0-660-60732-8 |
| 040 | |aCaOODSP|beng |
| 041 | |aeng |
| 041 | |afre |
| 043 | |an-cn--- |
| 086 | 1 |aBT31-4/66-1998 |
| 110 | 1 |aCanada. |bTreasury Board. |
| 245 | 10|aPublic Service Commission of Canada |
| 260 | |aOttawa - Ontario : |bTreasury Board of Canada Secretariat |c1998. |
| 300 | |aEnglish text, 59p. : |btables ; |c28 cm. |
| 490 | 1 |aPerformance report for the period ending March 31, 1998 |
| 546 | |aBilingual |
| 563 | |aSoftcover |
| 590 | |a98-45|b1998-11-06 |
| 776 | 0#|tPublic Service Commission of Canada, performance report for the period ending March 31, 1998 |w(CaOODSP)9.568888 |
| 776 | 0#|tCommission de la fonction publique du Canada, rapport sur le rendement pour la période se terminant le 31 mars 1998 |w(CaOODSP)9.600150 |
| 792 | |tCommission de la fonction publique du Canada|efre|w(CaOODSP)9.531135 |
| 830 | #0|aPerformance report for the period ending March 31, 1998.|w(CaOODSP)9.508974 |